BDO PropCost 2023 Offices and Shopping Centres: (Record no. 121807)
[ view plain ]
| 000 -LEADER | |
|---|---|
| fixed length control field | 00922nam a22002657a 4500 |
| 005 - DATE AND TIME OF LATEST TRANSACTION | |
| control field | 20240221144524.0 |
| 008 - FIXED-LENGTH DATA ELEMENTS--GENERAL INFORMATION | |
| fixed length control field | 240221s2024 xxk||||| |||| 00| 0 eng d |
| 041 ## - LANGUAGE CODE | |
| Language code of text/sound track or separate title | eng |
| 245 ## - TITLE STATEMENT | |
| Title | BDO PropCost 2023 Offices and Shopping Centres: |
| Remainder of title | an analysis of service charge data |
| 260 ## - PUBLICATION, DISTRIBUTION, ETC. | |
| Name of publisher, distributor, etc. | BDO & RICS, |
| Date of publication, distribution, etc. | February 2024 |
| 300 ## - PHYSICAL DESCRIPTION | |
| Extent | 72p. |
| 500 ## - GENERAL NOTE | |
| General note | Developed in Association with RICS |
| 650 ## - SUBJECT ADDED ENTRY--TOPICAL TERM | |
| Topical term or geographic name entry element | SERVICE CHARGES |
| 650 ## - SUBJECT ADDED ENTRY--TOPICAL TERM | |
| Topical term or geographic name entry element | PROPERTY MARKET |
| 650 ## - SUBJECT ADDED ENTRY--TOPICAL TERM | |
| Topical term or geographic name entry element | MARKET DATA |
| 650 ## - SUBJECT ADDED ENTRY--TOPICAL TERM | |
| Topical term or geographic name entry element | OFFICES |
| 650 ## - SUBJECT ADDED ENTRY--TOPICAL TERM | |
| Topical term or geographic name entry element | SHOPPING CENTRES |
| 690 ## - LOCAL SUBJECT ADDED ENTRY--TOPICAL TERM (OCLC, RLIN) | |
| 9 (RLIN) | 6227 |
| Topical term or geographic name as entry element | Commercial property |
| 700 ## - ADDED ENTRY--PERSONAL NAME | |
| Personal name | Bagust, Paul |
| 700 ## - ADDED ENTRY--PERSONAL NAME | |
| Personal name | Pringle, Simon |
| 710 2# - ADDED ENTRY--CORPORATE NAME | |
| 9 (RLIN) | 6028 |
| Corporate name or jurisdiction name as entry element | BDO |
| 710 ## - ADDED ENTRY--CORPORATE NAME | |
| 9 (RLIN) | 4900 |
| Corporate name or jurisdiction name as entry element | Royal Institution of Chartered Surveyors |
| 856 ## - ELECTRONIC LOCATION AND ACCESS | |
| Uniform Resource Identifier | <a href="https://www.bdo.co.uk/getmedia/8212579a-3829-46ca-b917-d173303154b8/BDO-PropCost-2023-Offices-Shopping-Centres-Feb-2024.pdf">https://www.bdo.co.uk/getmedia/8212579a-3829-46ca-b917-d173303154b8/BDO-PropCost-2023-Offices-Shopping-Centres-Feb-2024.pdf</a> |
| Public note | Available to download on submission of form |
| 942 ## - ADDED ENTRY ELEMENTS (KOHA) | |
| Koha item type | Book |
| Withdrawn status | Lost status | Damaged status | Not for loan | Home library | Current library | Shelving location | Date acquired | Total Checkouts | Full call number | Date last seen | Price effective from | Koha item type |
|---|---|---|---|---|---|---|---|---|---|---|---|---|
| London | London | Property market reports | 21/02/2024 | PROPERTY MARKET DATA | 21/02/2024 | 21/02/2024 | Book |